Legislación cultural chilena

Guardat en:
Dades bibliogràfiques
Autor corporatiu: Consejo Nacional de la Cultura y las Artes (Autor)
Format: Llibre
Idioma:espanyol
Publicat: Valparaíso BCN 2014
Edició:1a. ed
Matèries:
Etiquetes: Afegir etiqueta
Sense etiquetes, Sigues el primer a etiquetar aquest registre!

MARC

LEADER 00000cam a2200000 a 4500
001 UCE1724
003 CL-VaPUC
008 140508e20140100cl |||||||||||||||||spa|d
020 |a 9789563520835 
082 0 4 |a 344.0983  |b CON  |2 21 
110 2 |a Consejo Nacional de la Cultura y las Artes  |e author  |9 574111 
245 1 0 |a Legislación cultural chilena 
250 |a 1a. ed 
300 |a 804 p 
942 |c BK 
945 |d 20140508 16:03:00  |a dcastane 
260 |a Valparaíso  |b BCN  |c 2014 
650 7 |a LEGISLACION CULTURAL  |2 CL-VaPUC  |9 381021 
650 7 |a DERECHO Y CULTURA  |2 CL-VaPUC  |9 381020 
583 |a last modification  |c 20140519 09:47:10  |k Rodrigo Vera 
999 |c 355446  |d 355444 
952 |0 0  |1 0  |3 erb  |4 0  |6 344_098300000000000_CON_2014  |7 0  |8 A  |9 462174  |a BIBDER  |b BIBDER  |i 5074290  |o 344.0983 CON 2014  |p 5074290  |r 2023-01-25  |w 2019-11-23  |y BK  |z Catalogado en:20140508  |k DER 
952 |0 0  |1 0  |3 erb  |4 0  |6 344_098300000000000_CON_2014  |7 0  |8 A  |9 462175  |a BIBDER  |b BIBDER  |i 5085500  |o 344.0983 CON 2014  |p 5085500  |r 2023-01-25  |w 2019-11-23  |y BK  |z Catalogado en:20140626  |k DER